000
00300nam a2200121Ia 4500
005
20260328104345.0
008
260328s9999||||xx |||||||||||||| ||und||
100
_a
Cuellar, Donna
245
0
_a
Guia de Viaje :
_b
Rio de Janeiro /
_c
Donna Cuellar
300
_a
128 p.
650
_a
BRAZIL
942
_c
BK
999
_c
12263
_d
12263